|
|
|
|
| LEADER |
00000nam a2200000 i 4500 |
| 001 |
1/61713 |
| 008 |
930914s eng d |
| 020 |
|
|
|a 0-262-18134-7
|
| 035 |
|
|
|a ΛΕΣΒΟΣb10000907
|l 10000907
|
| 040 |
|
|
|a GR-MY-UA
|b gre
|e aacr
|
| 041 |
0 |
|
|a eng
|
| 082 |
0 |
|
|a 944.08
|
| 100 |
1 |
|
|a Rabinow, Paul.
|
| 245 |
1 |
0 |
|a French modern :
|b norms and forms of the social environment /
|c Paul Rabinow
|
| 260 |
|
|
|a Cambridge :
|b MIT ,
|c 1989
|
| 300 |
|
|
|a 447 p.
|
| 504 |
|
|
|a Includes bibliographical references and index
|
| 650 |
0 |
0 |
|a Philosophy, French
|y 19th century.
|
| 650 |
0 |
0 |
|a Philosophy, French
|y 20th century.
|
| 650 |
0 |
0 |
|a Ethnology
|z France
|x History
|y 19th century.
|
| 650 |
0 |
0 |
|a Ethnology
|z France
|x History
|y 20th century.
|
| 852 |
|
|
|a INST
|b LESVOS
|e 19930914
|h 944.08 RAB
|p 005100005519
|q 005100005519
|t BK
|y 0
|
| 909 |
|
|
|a Λ
|b 027135
|